000 00502nmm a2200169Ia 4500
008 251105s9999||||xx |||||||||||||||||und||
020 _a8497423887
041 _aspa
100 _aCueto Nogueras, Carlos de
245 0 _aSeguridad y diversidad en las sociedades contemporánes
264 _a[Madrid, España] :
_bBiblioteca Nueva,
_c2005
300 _a288 páginas
490 _aEnsayo Pensamiento
650 _aSociology
856 _uhttps://public.digitaliapublishing.com/a/5191
942 _cCF
999 _c74165
_d74165